=LDR 00000nam 2200000 4500 =001 INLIS000000000056254 =005 20200828081450 =035 ##$$a 0010-0820000395 =007 ta =008 200828################g##########0#ind## =082 ##$$a 2x7.2 =084 ##$$a 2x7.2 MUH b =100 #$$a Muhaimin =245 1#$$a Bekal para juru dakwah masa kini /$c Drs. Muhaimin, MA =260 ##$$a Bandung :$b Trigenda karya,$c 1994 =300 ##$$a 116 hlm ; $c 14 x 20 cm =504 ##$$a Bibliografi : hlm, 117-118 =600 #4$$a dakwah islam =990 ##$$a 141.532/pro-99